| 000 | 00890cab a2200265 4500 | ||
|---|---|---|---|
| 001 | ABS51674 | ||
| 008 | 090401t1994 xxu||||| |||| 00| 0 eng d | ||
| 035 | _a(Sirsi) u38963 | ||
| 041 | _aeng | ||
| 100 | _aBarnes, M. | ||
| 245 | 4 | _aThe PSA/1 form of contract: a contract for the construction industry of the 1990s | |
| 260 | _c1994 | ||
| 350 | _a0 | ||
| 490 |
_aCSM (Chartered Surveyor Monthly) _v4(2) November/December 1994, 50(1) |
||
| 520 | _aDiscusses the background to the introduction of the PSA/1 form of contract for the construction industry. | ||
| 650 | _aBUILT ENVIRONMENT-BUILDING CONTRACT FORMS | ||
| 650 | _aCCC/WORKS/1 | ||
| 650 | _aGC/WORKS 1 EDITION THREE | ||
| 650 | _aGC/WORKS 1 EDITION TWO | ||
| 650 | _aGC/WORKS 1 | ||
| 650 | _aPSA/1 WITH QUANITITES 1994 | ||
| 690 | _aBUILT ENVIRONMENT-BUILDING CONTRACT FORMS | ||
| 942 | _n0 | ||
| 948 | _c04/03/1997 | ||
| 999 |
_c24979 _d24979 |
||